000 00498nam a2200169 4500
001 143077
003 ES-MaACL
005 20230906200720.0
007 t|
008 070214s1970 sp r ||||1| spa d
100 1 _aSem Tob de Carrión.
_9105368
245 1 0 _aProverbios morales /
_cSem Tob de Carrión ; introducción de Guzmán Alvarez.
260 _aSalamanca :
_bAnaya,
_c1970.
300 _a145 p. ;
_c17 cm.
700 1 _aAlvarez, Guzmán.
_920636
852 _aES-MaACL
_jC-40868
_bR.76108
999 _c143077
_d143077